Statistics for Land Forms

Click here to take the quiz!

General Stats

  • This quiz has been taken 30 times
  • The average score is 10 of 16

Answer Stats

Answer% Correct
Cave
92%
Desert
84%
Island
84%
Volcano
84%
Lake
80%
Sea
80%
Canyon
76%
River
76%
Bay
68%
Ocean
68%
Glacier
56%
Peninsula
56%
Hill
48%
Isthmus
36%
Plateau
36%
Mesa
20%

Score Distribution

Percentile by Number Answered

Percent of People with Each Score

Your Score History

You have not taken this quiz